000
00323nam a2200133Ia 4500
003
OSt
005
20230731040702.0
008
170524s9999 xx 000 0 und d
040
_c
IIMT UNIVERSITY
100
_a
DAFT- RICHARD L
245
0
_a
ORGANIZATIONAL THEORY AND DESIGN
260
_b
NEW DELHI: THOMSON
942
_2
ddc
_c
02
999
_c
8511
_d
8511